000 00783nam a2200253 i 4500
001 16527
003 ES-MaACL
005 20260115063022.0
007 t|
008 001016s1997 sp ||||1| spa d
020 _a84-493-0405-9
080 _a32
100 1 _aArendt, Hannah,
_d1906-1975
_9242687
245 1 1 _a¿Qué es la política? /
_cHannah Arendt ; introducción de Fina Birulés.
250 _a1ª ed.
260 _aBarcelona :
_bPaidós Ibérica,
_c1997.
300 _a156 p. ;
_c20 cm.
490 1 _aPensamiento contemporáneo ;
_v49
650 7 _aPolítica
_2embne
_9140345
700 1 _aBirulés Bertrán, Josefina.
_928992
830 0 _aPensamiento contemporáneo ;
_v49
_9179725
852 _aES-MaACL
_jL-23716
_bR.128722
999 _c16527
_d16527